[Event "IRI-chT 16th"]
[Site "Sari"]
[Date "2017.10.19"]
[Round "9.6"]
[White "Nejadshirazi, Mohammad Reza"]
[Black "Pour Agha Bala, Amirreza"]
[Result "1/2-1/2"]
[WhiteElo "1905"]
[BlackElo "2133"]
[PlyCount "134"]
[EventDate "2017.09.13"]
[EventType "team-swiss"]
[EventRounds "11"]
[EventCountry "IRI"]
[SourceTitle "EXT 2019"]
[Source "ChessBase"]
[SourceDate "2018.10.10"]
[SourceVersion "1"]
[SourceVersionDate "2018.10.10"]
[SourceQuality "1"]
[WhiteTeam "Shiraz Darya Borj"]
[BlackTeam "Tabriz Shahrdari"]
[WhiteTeamCountry "IRI"]
[BlackTeamCountry "IRI"]

1. d4 Nf6 2. c4 c5 3. d5 e6 4. Nc3 exd5 5. cxd5 d6 6. e4 g6 7. Nf3 Bg7 8. h3 0-0 9. Bd3 b5 10. Bxb5 Nxe4 11. Nxe4 Qa5+ 12. Nfd2 Qxb5 13. Nxd6 Qa6 14. N2c4 Nd7 15. 0-0 Ne5 16. Nxc8 Raxc8 17. Nxe5 Bxe5 18. Re1 Rfe8 19. Re3 Qd6 20. Rb1 Bd4 21. Rd3 Qxd5 22. Be3 Re4 23. Rc1 Rb8 24. b3 Qe5 25. Qf3 Re8 26. Rc4 Re6 27. Rc1 Rf6 28. Qe2 Re6 29. Qd2 h5 30. Rd1 Rxe3 31. fxe3 Bxe3+ 32. Rxe3 Qxe3+ 33. Qxe3 Rxe3 34. Rd7 c4 35. bxc4 Ra3 36. Rd2 Rc3 37. Rd7 a5 38. Ra7 Ra3 39. c5 Rxa2 40. c6 Kg7 41. Ra8 Rc2 42. Rxa5 Rxc6 43. Ra2 g5 44. Kf2 Kg6 45. Rb2 f6 46. Ra2 f5 47. Rb2 Kf6 48. Ra2 h4 49. Rb2 Ra6 50. Kf3 Ra3+ 51. Kf2 Ra5 52. Re2 Ra4 53. Rb2 Ke5 54. Rb5+ Kf4 55. Rb2 Re4 56. Rb3 g4 57. hxg4 fxg4 58. Rb8 g3+ 59. Kf1 Re5 60. Rb4+ Re4 61. Rxe4+ Kxe4 62. Kg1 Ke3 63. Kf1 Kd2 64. Kg1 Ke1 65. Kh1 h3 66. Kg1 h2+ 67. Kh1 Kf2 1/2-1/2

[Event "IRI-chT 16th"]
[Site "Sari"]
[Date "2017.10.17"]
[Round "7.3"]
[White "Hosseinzadeh, Nima"]
[Black "Nejadshirazi, Mohammad Reza"]
[Result "1-0"]
[WhiteElo "2318"]
[BlackElo "1905"]
[PlyCount "63"]
[EventDate "2017.09.13"]
[EventType "team-swiss"]
[EventRounds "11"]
[EventCountry "IRI"]
[SourceTitle "EXT 2019"]
[Source "ChessBase"]
[SourceDate "2018.10.10"]
[SourceVersion "1"]
[SourceVersionDate "2018.10.10"]
[SourceQuality "1"]
[WhiteTeam "Tabriz Shahrdari"]
[BlackTeam "Shiraz Darya Borj"]
[WhiteTeamCountry "IRI"]
[BlackTeamCountry "IRI"]

1. e4 c6 2. d4 d5 3. e5 Bf5 4. Nf3 e6 5. Be2 Nd7 6. 0-0 h6 7. Nbd2 Ne7 8. Nb3 Rc8 9. Be3 Bg4 10. h3 Bxf3 11. Bxf3 Nf5 12. Bg4 g6 13. Bxf5 gxf5 14. Qh5 c5 15. c3 Be7 16. g4 fxg4 17. hxg4 Rg8 18. f4 cxd4 19. cxd4 Qb6 20. Rae1 a5 21. Kh1 a4 22. Nd2 Bb4 23. f5 Rc2 24. Rc1 Rxc1 25. Rxc1 Be7 26. Rc8+ Bd8 27. Bxh6 Rh8 28. fxe6 Rxh6 29. Qxh6 Qxe6 30. Qh8+ Nf8 31. Rxd8+ Kxd8 32. Qxf8+ 1-0

[Event "IRI-chT 14th"]
[Site "Tehran"]
[Date "2015.09.16"]
[Round "5.4"]
[White "Javanbakht, Nima"]
[Black "Nejadshirazi, Mohammad Reza"]
[Result "1-0"]
[WhiteElo "2405"]
[BlackElo "1973"]
[PlyCount "53"]
[EventDate "2015.07.17"]
[EventType "team-tourn"]
[EventRounds "13"]
[EventCountry "IRI"]
[SourceTitle "EXT 2016"]
[Source "ChessBase"]
[SourceDate "2015.10.08"]
[SourceVersion "1"]
[SourceVersionDate "2015.10.08"]
[SourceQuality "1"]
[WhiteTeam "Saipa"]
[BlackTeam "Darya Borj Shiraz"]
[WhiteTeamCountry "IRI"]
[BlackTeamCountry "IRI"]

1. d4 Nf6 2. Nf3 g6 3. c4 Bg7 4. Nc3 d5 5. Bg5 Ne4 6. cxd5 Nxg5 7. Nxg5 e6 8. Nf3 exd5 9. e3 0-0 10. Bd3 c5 11. dxc5 Qa5 12. 0-0 Qxc5 13. Rc1 Qa5 14. Qb3 Nc6 15. Nxd5 Bxb2 16. Rxc6 bxc6 17. Ne7+ Kg7 18. Qxb2+ f6 19. Nxc6 Qd5 20. Nfd4 Rf7 21. Rc1 Rb7 22. Qa3 Rc7 23. Bc4 Qe4 24. Qd6 Rb7 25. Nd8 Rb1 26. Qc7+ Kh6 27. Nf7+ 1-0